Central Library OPAC University of Rajshahi

The collected poems of Wilfred Owen / (Record no. 55418)

MARC details
000 -LEADER
fixed length control field 00823nam a2200253 a 4500
001 - CONTROL NUMBER
control field 55418
003 - CONTROL NUMBER IDENTIFIER
rucl marc code BD-RjUL
005 - DATE AND TIME OF LATEST TRANSACTION
control field 20211209080249.0
008 - FIXED-LENGTH DATA ELEMENTS--GENERAL INFORMATION
fixed length control field 161117s1963 enkh 000 0 eng
020 ## - INTERNATIONAL STANDARD BOOK NUMBER
International Standard Book Number 0701109084 :
Terms of availability £2.00
035 ## - SYSTEM CONTROL NUMBER
System control number (BD-RjUL)55541
040 ## - CATALOGING SOURCE
Original cataloging agency DLC
Transcribing agency DLC
Modifying agency BD-RjUL
Language of cataloging eng
041 ## - LANGUAGE CODE
Language code of text/sound track or separate title eng
082 00 - DEWEY DECIMAL CLASSIFICATION NUMBER
Classification number 821.9
Edition number 23
Author mark and year COL 1963
245 14 - TITLE STATEMENT
Title The collected poems of Wilfred Owen /
Statement of responsibility, etc. edited with an introd. and notes by C. Day Lewis, and with a memoir by Edmund Blunden.
260 ## - PUBLICATION, DISTRIBUTION, ETC. (IMPRINT)
Place of publication, distribution, etc. London :
Name of publisher, distributor, etc. Chatto & Windus,
Date of publication, distribution, etc. c1963
300 ## - PHYSICAL DESCRIPTION
Pagination x, 191 p. :
Illustrations ill. ;
Size 23 cm.
650 #0 - SUBJECT ADDED ENTRY--TOPICAL TERM
Topical term or geographic name as entry element World War, 1914-1918
General subdivision Poetry.
9 (RLIN) 165087
700 2# - ADDED ENTRY--PERSONAL NAME
Personal name Day Lewis, C.
Fuller form of name (Cecil),
Dates associated with a name 1904-1972.
Personal name Blunden, Edmund,
Dates associated with a name 1896-1974.
942 ## - ADDED ENTRY ELEMENTS (KOHA)
Source of classification or shelving scheme Dewey Decimal Classification
Koha item type Books
Holdings
Lost status Source of classification or shelving scheme Damaged status Not for loan Collection code Permanent Location Current Location Shelving location Date acquired Source of acquisition Cost, normal purchase price Total Checkouts Full call number Date last seen Date checked out Copy number Koha item type
  Dewey Decimal Classification     Non-fiction Central Library, University of Rajshahi Central Library, University of Rajshahi   07/03/1964 Zeitlinger 21.00 1 821.9 COL 1963 19/12/2023 22/11/2023 C-2 Books